000 01499cac a2200421 i 4500
003 EG-GICUC
005 20260121101508.0
008 040430c2015 -ukar frl 0 0eng d
020 _a9780198735960
040 _aEG-GICUC
_beng
_cEG-GICUC
_dEG-GICUC
_erda
082 0 4 _221
_a343.01
092 0 4 _221
099 _aLaw 10 2015
245 0 0 _aBlackstone's statutes on criminal law /
_cedited by P. R. Glazebrook.
246 3 0 _aCriminal law
246 1 8 _aBlackstone's criminal law
246 1 _iVols. for 2015/2016- have title:
_aBlackstone's statutes on criminal law arranged by subject
250 _a25th edition.
264 _aOxford :
_bOxford University Press,
_c2015.
300 _axx. 434 page ;
_c22 cm.
310 _aAnnual
336 _atext
_btxt
_2rdacontent
337 _aunmediated
_bn
_2rdamedia
338 _avolume
_bnc
_2rdacarrier
362 1 _aBegan with 1st ed., published in 1989.
490 1 _aBlackstone's statutes
500 _aIncludes index.
588 _aDescription based on: 12th ed. (2002/2003); title from cover.
650 0 _aCriminal law
_zEngland.
650 0 _aCriminal law
_zWales.
650 0 _aCriminal law
_zGreat Britain.
700 1 _aGlazebrook, P. R.,
_eeditor.
787 0 8 _iHas companion publication 2010/2011- :
_gBlackstone's statutes on criminal law arranged chronologically
830 0 _aBlackstone's statutes.
856 4 0 _uhttps://fll.law.cu.edu.eg/fulltext/bks/ENGB10-00045.pdf
905 _a10
942 _2ddc
_cBK
_e21
_n0
999 _c50754
_d50754